| 000 | 00564cam a2200145 4500500 | ||
|---|---|---|---|
| 005 | 20260201142521.0 | ||
| 041 | _afre | ||
| 042 | _adc | ||
| 100 | 1 | 0 |
_aOnomo Etaba, Roger B. _eauthor |
| 245 | 0 | 0 | _aMaximum Illud, de Benoît XV, et l'œuvre missionnaire au Cameroun (1890-1935) : entre anticipations, applications et contradictions |
| 260 | _c2005. | ||
| 500 | _a51 | ||
| 786 | 0 | _nPrésence Africaine | 172 | 2 | 2005-06-01 | p. 125-145 | 0032-7638 | |
| 856 | 4 | 1 | _uhttps://shs.cairn.info/revue-presence-africaine-2005-2-page-125?lang=fr&redirect-ssocas=7080 |
| 999 |
_c1642824 _d1642824 |
||